[Event "13. Festival Chambery 2007"]
[Site "Chambery FRA"]
[Date "2007.07.28"]
[Round "1.3"]
[White "Bojkov, Dejan"]
[Black "Peyrin, Jean"]
[Result "1-0"]
[WhiteElo "2520"]
[BlackElo "2011"]
[PlyCount "75"]
[EventDate "2007.07.28"]
[EventType "swiss"]
[EventRounds "9"]
[EventCountry "FRA"]
[Source "lmi"]
[SourceDate "2007.07.28"]

1. e4 c5 2. Nf3 e6 3. c4 Nc6 4. Nc3 d6 5. d4 cxd4 6. Nxd4 Nf6 7. Be2 Be7 8. O-O
O-O 9. Be3 Bd7 10. Ndb5 Qb8 11. Qd2 a6 12. Na3 Ne5 13. h3 Bc6 14. f4 Ned7 15.
Bd3 Nc5 16. Bxc5 dxc5 17. e5 Nd7 18. Be4 Qc7 19. Nd5 exd5 20. cxd5 Rad8 21. Nc4
Nb6 22. Nxb6 Qxb6 23. Rfd1 c4+ 24. Kh1 Bc5 25. Qc2 Bb5 26. Bxh7+ Kh8 27. Bf5
Qh6 28. a4 Bd7 29. Bxd7 Rxd7 30. Qxc4 Be3 31. Rf1 Rfd8 32. d6 Re8 33. Rae1 Ba7
34. f5 Qd2 35. Re4 Qxb2 36. e6 Qf6 37. exd7 Rxe4 38. Qc8+ 1-0

[Event "13. Festival Chambery 2007"]
[Site "Chambery FRA"]
[Date "2007.07.28"]
[Round "1.4"]
[White "Peguret, Philippe"]
[Black "Gladyszev, Oleg"]
[Result "0-1"]
[WhiteElo "2002"]
[BlackElo "2480"]
[PlyCount "78"]
[EventDate "2007.07.28"]
[EventType "swiss"]
[EventRounds "9"]
[EventCountry "FRA"]
[Source "lmi"]
[SourceDate "2007.07.28"]

1. d4 Nf6 2. c4 g6 3. Nc3 Bg7 4. Nf3 O-O 5. Bf4 d6 6. e3 Nfd7 7. h3 e5 8. Bh2
Kh8 9. Be2 f5 10. O-O g5 11. Ne1 Nc6 12. Nc2 Nf6 13. f4 exf4 14. d5 Ne7 15.
exf4 g4 16. hxg4 Nxg4 17. Bxg4 fxg4 18. g3 c6 19. Kg2 cxd5 20. cxd5 Qb6 21. Rb1
Bf5 22. Bg1 Qa5 23. Bd4 Bxc2 24. Bxg7+ Kxg7 25. Qxc2 Nxd5 26. Qd2 Nxc3 27. bxc3
b6 28. Qd4+ Rf6 29. a4 Rc8 30. Rbe1 Qxc3 31. Re7+ Kf8 32. Qxc3 Rxc3 33. Rxa7
Rh6 34. Rd1 Rc2+ 35. Kg1 Rch2 36. Rd5 Rh1+ 37. Kf2 R6h2+ 38. Ke3 Re1+ 39. Kd3
Rd1+ 0-1

[Event "13. Festival Chambery 2007"]
[Site "Chambery FRA"]
[Date "2007.07.28"]
[Round "1.5"]
[White "Magem Badals, Jordi"]
[Black "Budin, Florent"]
[Result "1-0"]
[WhiteElo "2471"]
[BlackElo "1999"]
[PlyCount "51"]
[EventDate "2007.07.28"]
[EventType "swiss"]
[EventRounds "9"]
[EventCountry "FRA"]
[Source "lmi"]
[SourceDate "2007.07.28"]

1. e4 e6 2. d4 d5 3. Nc3 Bb4 4. e5 Ne7 5. a3 Bxc3+ 6. bxc3 c5 7. Qg4 cxd4 8.
Qxg7 Rg8 9. Qxh7 Qa5 10. Ne2 dxc3 11. Qd3 Nbc6 12. Qxc3 Qxc3+ 13. Nxc3 Nxe5 14.
Nb5 Kd7 15. Bb2 N5c6 16. O-O-O a6 17. Nd4 b5 18. h4 Na5 19. Nf3 Nf5 20. g4 Nd6
21. h5 Nac4 22. Bxc4 Nxc4 23. Bf6 Bb7 24. h6 Kd6 25. h7 Rh8 26. Ng5 1-0

[Event "13. Festival Chambery 2007"]
[Site "Chambery FRA"]
[Date "2007.07.28"]
[Round "1.9"]
[White "Estremera Panos, Sergio"]
[Black "Mahiouz, Oualid"]
[Result "1/2-1/2"]
[WhiteElo "2375"]
[BlackElo "1974"]
[PlyCount "87"]
[EventDate "2007.07.28"]
[EventType "swiss"]
[EventRounds "9"]
[EventCountry "FRA"]
[Source "lmi"]
[SourceDate "2007.07.28"]

1. d4 Nf6 2. c4 c5 3. d5 e6 4. Nc3 exd5 5. cxd5 d6 6. e4 g6 7. h3 Bg7 8. Nf3
O-O 9. Bd3 b5 10. O-O a6 11. a3 Bb7 12. Re1 Nbd7 13. Be3 Re8 14. b4 c4 15. Bc2
Nh5 16. Qd2 Ne5 17. Nxe5 dxe5 18. a4 Qd7 19. Ra2 Bf8 20. Bc5 Bxc5 21. bxc5 b4
22. Rb2 bxc3 23. Qxc3 Qe7 24. Qxc4 Nf4 25. h4 Bc8 26. g3 Nh3+ 27. Kg2 Qf6 28.
Qe2 g5 29. Rb6 Qe7 30. d6 Qd7 31. Qh5 Re6 32. hxg5 Rg6 33. Rh1 Nxg5 34. Bb3 Bb7
35. Rxb7 Qxb7 36. Bd5 Qa7 37. c6 Rc8 38. c7 Rxc7 39. dxc7 Qxc7 40. Rb1 Qc2 41.
Qd1 Qc8 42. Qh5 Qc2 43. Qd1 Qc8 44. Qh5 1/2-1/2

[Event "13. Festival Chambery 2007"]
[Site "Chambery FRA"]
[Date "2007.07.28"]
[Round "1.12"]
[White "Satonnet, Patrick"]
[Black "Claverie, Christophe"]
[Result "0-1"]
[WhiteElo "1950"]
[BlackElo "2344"]
[PlyCount "104"]
[EventDate "2007.07.28"]
[EventType "swiss"]
[EventRounds "9"]
[EventCountry "FRA"]
[Source "lmi"]
[SourceDate "2007.07.28"]

1. e4 c5 2. f4 d5 3. Nc3 d4 4. Nce2 Nf6 5. Ng3 a6 6. a4 Nc6 7. Nf3 Qc7 8. Bc4
Qxf4 9. d3 Qc7 10. O-O Bg4 11. Qe1 Bxf3 12. gxf3 h5 13. f4 e6 14. e5 h4 15. Nf5
Ng4 16. Nxh4 Be7 17. Nf3 g6 18. Qg3 Nh6 19. Ng5 Bxg5 20. Qxg5 Nf5 21. Rf3 Rh5
22. Qg4 Rh4 23. Qg5 Rh5 24. Qg4 O-O-O 25. Rh3 Nce7 26. Bd2 Rdh8 27. Rxh5 gxh5
28. Qf3 Nh4 29. Qe4 Rg8+ 30. Kh1 Qc6 31. Qxc6+ Nxc6 32. Rf1 Ne7 33. Ba5 Kd7 34.
Rg1 Rxg1+ 35. Kxg1 Neg6 36. Kf2 Nxf4 37. b4 Nfg6 38. b5 axb5 39. Bxb5+ Kc8 40.
Bb6 Nxe5 41. Bxc5 Nf5 42. Bb6 Ng4+ 43. Kg1 h4 44. h3 Nge3 45. Be8 Nd6 46. Bxf7
Nxf7 47. Bxd4 Nxc2 48. Bf6 Ne1 49. Kf2 Nxd3+ 50. Ke3 Nc5 51. a5 Nd6 52. Kd4 Nd7
0-1

[Event "13. Festival Chambery 2007"]
[Site "Chambery FRA"]
[Date "2007.07.29"]
[Round "2.2"]
[White "Horvath, Jozsef"]
[Black "Schuermans, Robert"]
[Result "1-0"]
[WhiteElo "2535"]
[BlackElo "2277"]
[PlyCount "61"]
[EventDate "2007.07.28"]
[EventType "swiss"]
[EventRounds "9"]
[EventCountry "FRA"]
[Source "lmi"]
[SourceDate "2007.07.28"]

1. c4 e5 2. Nc3 Nf6 3. Nf3 Nc6 4. a3 e4 5. Ng5 Qe7 6. d3 exd3 7. Qxd3 Ne5 8.
Qc2 d6 9. f4 Nc6 10. Nd5 Nd4 11. Qa4+ Bd7 12. Nxc7+ Kd8 13. Qd1 Kxc7 14. Qxd4
Bc6 15. b4 g6 16. b5 Bg7 17. bxc6 Nh5 18. Rb1 Bxd4 19. Rxb7+ Kd8 20. Nxf7+ Ke8
21. Rxe7+ Kxe7 22. Nxh8 Rc8 23. g4 Nf6 24. g5 Ne4 25. Bg2 Bc3+ 26. Kd1 Nf2+ 27.
Kc2 Nxh1 28. Kxc3 Nf2 29. Kd2 Rxh8 30. Ke1 Ng4 31. h3 1-0

[Event "13. Festival Chambery 2007"]
[Site "Chambery FRA"]
[Date "2007.07.29"]
[Round "2.3"]
[White "Wuerdinger, Alexander"]
[Black "Bojkov, Dejan"]
[Result "0-1"]
[WhiteElo "2151"]
[BlackElo "2520"]
[PlyCount "74"]
[EventDate "2007.07.28"]
[EventType "swiss"]
[EventRounds "9"]
[EventCountry "FRA"]
[Source "lmi"]
[SourceDate "2007.07.28"]

1. e4 e5 2. Nf3 Nc6 3. Bb5 a6 4. Bxc6 dxc6 5. O-O f6 6. d4 exd4 7. Nxd4 c5 8.
Nb3 Qxd1 9. Rxd1 Bg4 10. f3 Be6 11. Be3 b6 12. Nc3 Ne7 13. f4 Nc6 14. h3 Bd6
15. Nd5 O-O-O 16. c4 Rhe8 17. Kf2 Kb7 18. Kf3 a5 19. Rac1 Bf7 20. Na1 Bg6 21.
Nc3 Nd4+ 22. Bxd4 cxd4 23. Rxd4 Bxf4 24. Rxd8 Bxc1 25. Rxe8 Bxe8 26. Nd1 a4 27.
Nc2 Bf7 28. Nce3 b5 29. b3 Kb6 30. bxa4 b4 31. Nd5+ Ka5 32. N1e3 c6 33. Nf5
Kxa4 34. Nd6 Be6 35. Ne8 Ka3 36. Nxg7 Bf7 37. Nxf6 Bb2 0-1

[Event "13. Festival Chambery 2007"]
[Site "Chambery FRA"]
[Date "2007.07.29"]
[Round "2.4"]
[White "Gladyszev, Oleg"]
[Black "Champault, Pierre-Emmanuel"]
[Result "1-0"]
[WhiteElo "2480"]
[BlackElo "2184"]
[PlyCount "47"]
[EventDate "2007.07.28"]
[EventType "swiss"]
[EventRounds "9"]
[EventCountry "FRA"]
[Source "lmi"]
[SourceDate "2007.07.28"]

1. d4 d5 2. c4 e6 3. Nc3 Nf6 4. cxd5 exd5 5. Bg5 Be7 6. e3 c6 7. Qc2 O-O 8. Bd3
Nbd7 9. Nge2 Re8 10. O-O Nf8 11. f3 Nh5 12. Bxe7 Rxe7 13. Qd2 Nf6 14. Rad1 Qb6
15. e4 dxe4 16. fxe4 Bd7 17. Kh1 Ne6 18. Bb1 Rd8 19. Ng3 Nf8 20. Rxf6 gxf6 21.
Nh5 Bg4 22. Nxf6+ Kg7 23. Nxg4 Re6 24. e5 1-0

[Event "13. Festival Chambery 2007"]
[Site "Chambery FRA"]
[Date "2007.07.29"]
[Round "2.5"]
[White "Clement, Olivier"]
[Black "Magem Badals, Jordi"]
[Result "0-1"]
[WhiteElo "2135"]
[BlackElo "2471"]
[PlyCount "70"]
[EventDate "2007.07.28"]
[EventType "swiss"]
[EventRounds "9"]
[EventCountry "FRA"]
[Source "lmi"]
[SourceDate "2007.07.28"]

1. e4 e5 2. Nf3 Nc6 3. Bb5 a6 4. Ba4 Nf6 5. O-O Be7 6. Qe2 b5 7. Bb3 O-O 8. d4
Nxd4 9. Nxd4 exd4 10. e5 Ne8 11. c3 d5 12. cxd4 c6 13. Bc2 g6 14. Bh6 Ng7 15.
f4 Qb6 16. Qd2 f6 17. Bxg7 Kxg7 18. Nc3 fxe5 19. fxe5 Be6 20. Ne2 c5 21. Kh1
Bg8 22. dxc5 Bxc5 23. Qg5 Be3 24. Qe7+ Rf7 25. Rxf7+ Bxf7 26. Rf1 Qe6 27. Qb7
Ra7 28. Qb8 Re7 29. Rf6 Qxe5 30. Qxe5 Rxe5 31. Rxa6 d4 32. h3 Bf2 33. Nf4 Bg3
34. Nd3 Re2 35. Rc6 Bc4 0-1

[Event "13. Festival Chambery 2007"]
[Site "Chambery FRA"]
[Date "2007.07.29"]
[Round "2.6"]
[White "Campos Moreno, Javier"]
[Black "Gesing, Oliver"]
[Result "1/2-1/2"]
[WhiteElo "2446"]
[BlackElo "2178"]
[PlyCount "75"]
[EventDate "2007.07.28"]
[EventType "swiss"]
[EventRounds "9"]
[EventCountry "FRA"]
[Source "lmi"]
[SourceDate "2007.07.28"]

1. d4 d5 2. c4 c6 3. Nf3 Nf6 4. Nc3 dxc4 5. a4 Bf5 6. e3 e6 7. Bxc4 Bb4 8. O-O
Nbd7 9. Qe2 Bg6 10. e4 Bxc3 11. bxc3 Nxe4 12. Ba3 Qc7 13. Rfc1 Qf4 14. Qb2 Rb8
15. Re1 a6 16. Re3 c5 17. Rae1 O-O 18. g3 Qg4 19. Be2 Qh3 20. Nh4 Nef6 21. c4
Ng4 22. Bxg4 Qxg4 23. dxc5 Nf6 24. Qc3 Rfd8 25. Bb2 Rd1 26. f3 Rxe1+ 27. Rxe1
Qg5 28. Re5 Bf5 29. Bc1 Qh5 30. Qd4 Ne8 31. Bf4 Ra8 32. Nxf5 exf5 33. g4 Qh4
34. Qe3 Qd8 35. Rd5 Qf6 36. Qe5 fxg4 37. fxg4 Qh4 38. Qf5 1/2-1/2

[Event "13. Festival Chambery 2007"]
[Site "Chambery FRA"]
[Date "2007.07.29"]
[Round "2.8"]
[White "Stets, Dmitry"]
[Black "Sonnet, Jean Pierre"]
[Result "1-0"]
[WhiteElo "2390"]
[BlackElo "2123"]
[PlyCount "69"]
[EventDate "2007.07.28"]
[EventType "swiss"]
[EventRounds "9"]
[EventCountry "FRA"]
[Source "lmi"]
[SourceDate "2007.07.28"]

1. e4 c5 2. Nf3 d6 3. d4 cxd4 4. Nxd4 Nf6 5. Nc3 a6 6. Be3 e5 7. Nb3 Be6 8. Qd2
Nbd7 9. O-O-O Be7 10. f4 Rc8 11. Kb1 O-O 12. f5 Bc4 13. Bxc4 Rxc4 14. Qd3 b5
15. Rhg1 Qc7 16. Nd2 Nc5 17. Bxc5 Rxc5 18. g4 b4 19. Na4 Rc6 20. g5 Nh5 21. f6
Bd8 22. fxg7 Kxg7 23. Nf1 Nf4 24. Qd2 Be7 25. Ne3 Rb8 26. Rdf1 Kg8 27. b3 Rc8
28. Nb2 a5 29. Nbc4 a4 30. Rg4 Qa7 31. Nf5 Rxc4 32. bxc4 Rxc4 33. Nh6+ Kh8 34.
Nxf7+ Kg7 35. Nxd6 1-0

[Event "13. Festival Chambery 2007"]
[Site "Chambery FRA"]
[Date "2007.07.29"]
[Round "2.9"]
[White "Scholz, Christian"]
[Black "Massoni, Michael"]
[Result "1/2-1/2"]
[WhiteElo "2108"]
[BlackElo "2367"]
[PlyCount "123"]
[EventDate "2007.07.28"]
[EventType "swiss"]
[EventRounds "9"]
[EventCountry "FRA"]
[Source "lmi"]
[SourceDate "2007.07.28"]

1. d4 Nf6 2. c4 g6 3. Nc3 d5 4. Bf4 Bg7 5. Rc1 c6 6. e3 O-O 7. Nf3 Nh5 8. Bg5
h6 9. Bh4 g5 10. Ne5 Bxe5 11. dxe5 Ng7 12. Bg3 dxc4 13. Qf3 Be6 14. h4 g4 15.
Qf4 Qb6 16. Be2 Na6 17. Qxh6 Nc5 18. O-O Rad8 19. Qg5 f6 20. exf6 exf6 21. Qg6
Nd3 22. Bxd3 cxd3 23. e4 Qxb2 24. h5 Bf7 25. Qxf6 Bxh5 26. Qg5 Rd7 27. Be5 d2
28. Rcd1 Qc2 29. Bxg7 Rxg7 30. Qxd2 Qxd2 31. Rxd2 Re7 32. Kh2 b5 33. Rd4 Bf7
34. e5 Bh5 35. Rd6 Rxe5 36. Rxc6 b4 37. Nd1 g3+ 38. Kxg3 Bxd1 39. Rxd1 Rg5+ 40.
Kh3 Rxf2 41. Rd8+ Kh7 42. Rd7+ Rg7 43. Rxg7+ Kxg7 44. Ra6 Rf7 45. Kg4 Rb7 46.
Kf5 Rb5+ 47. Kf4 b3 48. Rxa7+ Kg6 49. Ra6+ Kg7 50. axb3 Rxb3 51. g4 Rb4+ 52.
Kg5 Rb5+ 53. Kh4 Rc5 54. g5 Rc4+ 55. Kh5 Rc7 56. Rg6+ Kh7 57. Rh6+ Kg7 58. Ra6
Rb7 59. Ra5 Rc7 60. g6 Rb7 61. Kg5 Rc7 62. Rf5 1/2-1/2

[Event "13. Festival Chambery 2007"]
[Site "Chambery FRA"]
[Date "2007.07.29"]
[Round "2.10"]
[White "Prats Rodriguez, Juan"]
[Black "Zimmerman, Yuri"]
[Result "0-1"]
[WhiteElo "2079"]
[BlackElo "2354"]
[PlyCount "104"]
[EventDate "2007.07.28"]
[EventType "swiss"]
[EventRounds "9"]
[EventCountry "FRA"]
[Source "lmi"]
[SourceDate "2007.07.28"]

1. e4 d6 2. d4 Nf6 3. Nc3 g6 4. Nf3 Bg7 5. h3 O-O 6. Be3 c6 7. a4 a5 8. Qd2 Na6
9. Bh6 Nb4 10. Bxg7 Kxg7 11. Be2 Qc7 12. Rd1 e5 13. dxe5 dxe5 14. Bc4 h6 15.
O-O Re8 16. Qc1 Na6 17. Qe3 Qe7 18. Rd2 Qc5 19. Bxa6 Qxe3 20. fxe3 Rxa6 21.
Rfd1 Rb6 22. Rd8 Rxb2 23. Rxe8 Nxe8 24. Rd8 Rxc2 25. Rxc8 Nd6 26. Rd8 Rxc3 27.
Rxd6 Rxe3 28. Rd7 Rxe4 29. Rxb7 Kf6 30. Rc7 Rxa4 31. Rxc6+ Kf5 32. Rc5 f6 33.
Nd2 Ra2 34. Nc4 a4 35. Ra5 Ke4 36. Nb6 Ra1+ 37. Kf2 a3 38. Nc4 a2 39. Nd2+ Kd3
40. Nb3 Rb1 41. Ra3 Rxb3 42. Rxa2 e4 43. Ra6 Rb2+ 44. Kg3 Rb5 45. Rxf6 Rg5+ 46.
Kh2 e3 47. Re6 e2 48. g4 Kd2 49. Rd6+ Ke3 50. Re6+ Kf3 51. Kg1 Ra5 52. Kh2 Ra4
0-1

[Event "13. Festival Chambery 2007"]
[Site "Chambery FRA"]
[Date "2007.07.29"]
[Round "2.15"]
[White "Trzemielewski, Frank"]
[Black "Estremera Panos, Sergio"]
[Result "0-1"]
[WhiteElo "1710"]
[BlackElo "2375"]
[PlyCount "86"]
[EventDate "2007.07.28"]
[EventType "swiss"]
[EventRounds "9"]
[EventCountry "FRA"]
[Source "lmi"]
[SourceDate "2007.07.28"]

1. c4 Nf6 2. Nc3 e5 3. Nf3 Nc6 4. g3 Nd4 5. e3 Nxf3+ 6. Qxf3 c6 7. Ne4 Be7 8.
Nxf6+ Bxf6 9. Bg2 d6 10. d3 Be6 11. e4 O-O 12. O-O Qd7 13. Qe2 d5 14. Be3 Rfd8
15. Rfd1 d4 16. Bd2 Be7 17. f4 f6 18. f5 Bf7 19. b3 b5 20. Bf3 bxc4 21. bxc4
Rdb8 22. Rdb1 Qc8 23. Qd1 Qa6 24. Qc2 Bd6 25. Bd1 Qa3 26. Bc1 Qa5 27. Bd2 Qa3
28. Bc1 Qa5 29. Bd2 Qc7 30. Rxb8+ Rxb8 31. Rb1 Rxb1 32. Qxb1 Qb6 33. Qb3 Bc5
34. Qxb6 axb6 35. Ba4 Be8 36. Bb3 Kf8 37. Kf1 Ke7 38. g4 Bf7 39. Ke2 Be8 40.
Kd1 Bf7 41. Ba4 Be8 42. Kc2 Kd6 43. Kb3 b5 0-1

[Event "13. Festival Chambery 2007"]
[Site "Chambery FRA"]
[Date "2007.07.29"]
[Round "2.17"]
[White "Zanatta, Federico"]
[Black "Di Nicolantonio, Lucas"]
[Result "0-1"]
[WhiteElo "2035"]
[BlackElo "1848"]
[PlyCount "44"]
[EventDate "2007.07.28"]
[EventType "swiss"]
[EventRounds "9"]
[EventCountry "FRA"]
[Source "lmi"]
[SourceDate "2007.07.28"]

1. e4 c5 2. Nc3 a6 3. g3 b5 4. Bg2 Bb7 5. d3 e6 6. f4 Nf6 7. Nf3 Be7 8. O-O O-O
9. h3 Qc7 10. e5 Nd5 11. Ne4 Nc6 12. c3 f6 13. d4 cxd4 14. cxd4 fxe5 15. dxe5
Ncb4 16. Nd4 Rac8 17. Kh1 Nc2 18. Nxc2 Qxc2 19. Nc3 Qxg2+ 20. Kxg2 Nxc3+ 21.
Qf3 Bxf3+ 22. Rxf3 Nd5 0-1

[Event "13. Festival Chambery 2007"]
[Site "Chambery FRA"]
[Date "2007.07.30"]
[Round "3.3"]
[White "Bojkov, Dejan"]
[Black "Stets, Dmitry"]
[Result "1/2-1/2"]
[WhiteElo "2520"]
[BlackElo "2390"]
[PlyCount "81"]
[EventDate "2007.07.28"]
[EventType "swiss"]
[EventRounds "9"]
[EventCountry "FRA"]
[Source "lmi"]
[SourceDate "2007.07.28"]

1. e4 c5 2. Nf3 d6 3. Bb5+ Nd7 4. d4 Ngf6 5. Nc3 a6 6. Bxd7+ Nxd7 7. O-O e6 8.
Bg5 Qc7 9. d5 e5 10. a4 g6 11. Nd2 Bg7 12. Nc4 Nb6 13. Na3 Bd7 14. a5 Nc8 15.
Nc4 O-O 16. Na4 Bb5 17. Nab6 Nxb6 18. Nxb6 Bxf1 19. Nxa8 Rxa8 20. Qxf1 f5 21.
f3 Rf8 22. Qe1 Qd7 23. c4 Rf7 24. h3 Bf8 25. b4 cxb4 26. Qxb4 f4 27. Bh4 g5 28.
Bxg5 Rg7 29. Bh6 Rg6 30. Bxf8 Qxh3 31. Qd2 Kxf8 32. Qf2 Qc8 33. Rc1 Qc7 34. c5
Qxa5 35. Qb2 dxc5 36. Qxe5 Qd2 37. Qh8+ Kf7 38. Qxh7+ Kf6 39. Qh8+ Kf7 40. Qh7+
Kf6 41. Qh8+ 1/2-1/2

[Event "13. Festival Chambery 2007"]
[Site "Chambery FRA"]
[Date "2007.07.30"]
[Round "3.4"]
[White "Safranska, Anda"]
[Black "Gladyszev, Oleg"]
[Result "1/2-1/2"]
[WhiteElo "2301"]
[BlackElo "2480"]
[PlyCount "52"]
[EventDate "2007.07.28"]
[EventType "swiss"]
[EventRounds "9"]
[EventCountry "FRA"]
[Source "lmi"]
[SourceDate "2007.07.28"]

1. e4 c5 2. Nf3 Nc6 3. d4 cxd4 4. Nxd4 Nf6 5. Nc3 e5 6. Ndb5 d6 7. Nd5 Nxd5 8.
exd5 Nb8 9. c4 Be7 10. Be2 O-O 11. O-O a6 12. Nc3 f5 13. a3 Nd7 14. Qc2 e4 15.
b4 Bf6 16. Rb1 Be5 17. Rd1 Qf6 18. Na4 Qg6 19. f4 exf3 20. Bxf3 b5 21. Nb2 Qf6
22. Qf2 g5 23. c5 Qg7 24. g3 Nf6 25. Rf1 Ng4 26. Bxg4 fxg4 1/2-1/2

[Event "13. Festival Chambery 2007"]
[Site "Chambery FRA"]
[Date "2007.07.30"]
[Round "3.5"]
[White "Linais, Laurent"]
[Black "Campos Moreno, Javier"]
[Result "0-1"]
[WhiteElo "2145"]
[BlackElo "2446"]
[PlyCount "68"]
[EventDate "2007.07.28"]
[EventType "swiss"]
[EventRounds "9"]
[EventCountry "FRA"]
[Source "lmi"]
[SourceDate "2007.07.28"]

1. e4 c5 2. Nf3 Nc6 3. d4 cxd4 4. Nxd4 Nf6 5. Nc3 d6 6. Be2 e5 7. Nb3 Be7 8.
O-O O-O 9. Be3 a5 10. a4 Nb4 11. Nd5 Nfxd5 12. exd5 Bf5 13. Rc1 Bg5 14. c3 Na6
15. Qd2 Bxe3 16. Qxe3 Bd7 17. Bb5 Bxb5 18. axb5 Nb8 19. c4 b6 20. f4 Nd7 21.
fxe5 dxe5 22. Nd2 f5 23. Nf3 Qf6 24. Qg5 Qxg5 25. Nxg5 Nc5 26. Rcd1 Rae8 27.
Rfe1 e4 28. h4 h6 29. Nh3 f4 30. d6 Rd8 31. Rd4 Rf5 32. Nf2 e3 33. Nd3 Ne6 34.
g4 Nxd4 0-1

[Event "13. Festival Chambery 2007"]
[Site "Chambery FRA"]
[Date "2007.07.30"]
[Round "3.7"]
[White "Poesson, Thierry"]
[Black "Scholz, Christian"]
[Result "1/2-1/2"]
[WhiteElo "2089"]
[BlackElo "2108"]
[PlyCount "59"]
[EventDate "2007.07.28"]
[EventType "swiss"]
[EventRounds "9"]
[EventCountry "FRA"]
[Source "lmi"]
[SourceDate "2007.07.28"]

1. d4 Nf6 2. Nf3 g6 3. Bf4 Bg7 4. e3 O-O 5. Be2 d6 6. h3 Nbd7 7. O-O c5 8. c3
b6 9. Nbd2 Bb7 10. Bh2 a6 11. a4 Ra7 12. Qb3 Qa8 13. Rfd1 Bc6 14. c4 cxd4 15.
exd4 b5 16. axb5 axb5 17. Rxa7 Qxa7 18. cxb5 Bb7 19. Bd3 Nb6 20. Re1 Bd5 21.
Qb4 Qb7 22. b3 Ra8 23. Bf4 h6 24. Bc4 Ra2 25. Qc3 Ne4 26. Bxd5 Nxd5 27. Qc6
Qxc6 28. bxc6 Nxd2 29. Bxd2 Rc2 30. Rc1 1/2-1/2

[Event "13. Festival Chambery 2007"]
[Site "Chambery FRA"]
[Date "2007.07.30"]
[Round "3.8"]
[White "Gonzalez, Claudio"]
[Black "Claverie, Christophe"]
[Result "1/2-1/2"]
[WhiteElo "2035"]
[BlackElo "2344"]
[PlyCount "58"]
[EventDate "2007.07.28"]
[EventType "swiss"]
[EventRounds "9"]
[EventCountry "FRA"]
[Source "lmi"]
[SourceDate "2007.07.28"]

1. e4 Nc6 2. Nc3 e5 3. f4 Bc5 4. fxe5 Bxg1 5. Rxg1 Nxe5 6. d4 Ng6 7. Qf3 d6 8.
Bc4 Be6 9. Bxe6 fxe6 10. Be3 Qd7 11. O-O-O N8e7 12. g3 Rf8 13. Qe2 e5 14. d5 a6
15. h4 b5 16. h5 Nh8 17. Rgf1 Rf7 18. Rxf7 Nxf7 19. Rf1 Ng8 20. Qf3 h6 21. g4
Nf6 22. Rg1 Nh7 23. a3 Ke7 24. Bf2 Nfg5 25. Qg2 Rf8 26. Be3 Rf3 27. Bd2 Ke8 28.
Re1 Qf7 29. Nd1 Kd7 1/2-1/2

[Event "13. Festival Chambery 2007"]
[Site "Chambery FRA"]
[Date "2007.07.30"]
[Round "3.9"]
[White "Berring, Alain"]
[Black "Calzetta, Monica"]
[Result "0-1"]
[WhiteElo "2026"]
[BlackElo "2278"]
[PlyCount "66"]
[EventDate "2007.07.28"]
[EventType "swiss"]
[EventRounds "9"]
[EventCountry "FRA"]
[Source "lmi"]
[SourceDate "2007.07.28"]

1. c4 e5 2. g3 Nf6 3. Bg2 c6 4. d4 exd4 5. Qxd4 d5 6. Nf3 dxc4 7. Qxc4 Be7 8.
O-O O-O 9. b3 Na6 10. Ba3 Be6 11. Bxe7 Qxe7 12. Qh4 Nb4 13. Nc3 Rfe8 14. Nd4
Bg4 15. e3 c5 16. Nde2 Rad8 17. h3 Bc8 18. Rad1 b6 19. a3 Nd3 20. Rd2 Bb7 21.
e4 Ne5 22. Rfd1 Rxd2 23. Rxd2 h6 24. Qf4 Ng6 25. Qf5 Bc8 26. Qf3 c4 27. Nd5
Nxd5 28. Rxd5 cxb3 29. Nd4 Bb7 30. Nf5 Qc7 31. Nd6 Bxd5 32. Nxe8 Qc1+ 33. Kh2
b2 0-1

[Event "13. Festival Chambery 2007"]
[Site "Chambery FRA"]
[Date "2007.07.30"]
[Round "3.11"]
[White "Gesing, Oliver"]
[Black "Knors, Rudy"]
[Result "1/2-1/2"]
[WhiteElo "2178"]
[BlackElo "2093"]
[PlyCount "61"]
[EventDate "2007.07.28"]
[EventType "swiss"]
[EventRounds "9"]
[EventCountry "FRA"]
[Source "lmi"]
[SourceDate "2007.07.28"]

1. e4 c6 2. Nc3 d5 3. d4 dxe4 4. Nxe4 Nd7 5. Ng5 Ngf6 6. Bd3 e6 7. Qe2 Bd6 8.
N1f3 h6 9. Ne4 Nxe4 10. Qxe4 Nf6 11. Qe2 Qc7 12. Bd2 b6 13. O-O-O Bb7 14. Ne5
O-O-O 15. Rhe1 Kb8 16. Kb1 Ka8 17. g3 Rc8 18. Nc4 Rhe8 19. Nxd6 Qxd6 20. Bf4
Qf8 21. g4 Red8 22. Be5 Nd7 23. Bg3 Nf6 24. Be5 Nd7 25. Be4 Nxe5 26. dxe5 Rxd1+
27. Rxd1 Rd8 28. Qf3 Rxd1+ 29. Qxd1 Qe7 30. a3 Kb8 31. f4 1/2-1/2

[Event "13. Festival Chambery 2007"]
[Site "Chambery FRA"]
[Date "2007.07.30"]
[Round "3.13"]
[White "Schuermans, Robert"]
[Black "Saiah, Karim"]
[Result "1/2-1/2"]
[WhiteElo "2277"]
[BlackElo "1963"]
[PlyCount "95"]
[EventDate "2007.07.28"]
[EventType "swiss"]
[EventRounds "9"]
[EventCountry "FRA"]
[Source "lmi"]
[SourceDate "2007.07.28"]

1. e4 e5 2. Bc4 Nf6 3. d4 exd4 4. Nf3 Bc5 5. e5 d5 6. exf6 dxc4 7. Qe2+ Be6 8.
fxg7 Rg8 9. Nbd2 Nc6 10. Ne4 d3 11. Qd2 Nd4 12. Qh6 Nxf3+ 13. gxf3 Bd4 14. Bg5
Bxg7 15. Qxh7 f6 16. O-O-O fxg5 17. Rhe1 Kf8 18. Nc5 Bf7 19. Qf5 Bxb2+ 20. Kxb2
Kg7 21. Nd7 Bg6 22. Qe5+ Kh6 23. h4 g4 24. Qf4+ Kg7 25. Qxg4 Kh8 26. Re5 Bh7
27. Qd4 Rg7 28. Rd5 Qe7 29. Rg1 Rag8 30. c3 Qe2+ 31. Ka3 Qe7+ 32. Ka4 c6 33.
Rd6 b5+ 34. Ka3 Rd8 35. Rxg7 Qxg7 36. Ne5 Rxd6 37. Qxd6 Kg8 38. Qe6+ Kh8 39.
Nf7+ Kg8 40. Nh6+ Kh8 41. Nf7+ Kg8 42. Ng5+ Kh8 43. Qe8+ Bg8 44. Kb4 a5+ 45.
Kc5 d2 46. Qh5+ Bh7 47. Qe8+ Bg8 48. Qh5+ 1/2-1/2

[Event "13. Festival Chambery 2007"]
[Site "Chambery FRA"]
[Date "2007.07.30"]
[Round "3.15"]
[White "Peguret, Philippe"]
[Black "Vilar Lopez, Monica"]
[Result "1/2-1/2"]
[WhiteElo "2002"]
[BlackElo "2178"]
[PlyCount "108"]
[EventDate "2007.07.28"]
[EventType "swiss"]
[EventRounds "9"]
[EventCountry "FRA"]
[Source "lmi"]
[SourceDate "2007.07.28"]

1. d4 d5 2. c4 e6 3. Nc3 c5 4. cxd5 exd5 5. Nf3 Nc6 6. g3 Nf6 7. Bg2 Be7 8. O-O
O-O 9. Bg5 c4 10. Ne5 Be6 11. b3 Qa5 12. Qd2 Bb4 13. Nxc6 bxc6 14. Bxf6 gxf6
15. Rfc1 Ba3 16. Rc2 Rab8 17. bxc4 dxc4 18. Bxc6 Bf5 19. Be4 Bxe4 20. Nxe4 Qxd2
21. Nxd2 Rb2 22. Rac1 c3 23. Nc4 Rxc2 24. Rxc2 Bb4 25. a3 Rc8 26. axb4 Rxc4 27.
e3 Kf8 28. Kf1 Ke7 29. Ke2 Rxb4 30. Kd3 Ra4 31. Kxc3 Kd6 32. Kb3 Ra6 33. Ra2
Rb6+ 34. Kc4 Rc6+ 35. Kd3 a6 36. h4 Rb6 37. Ke4 Ke6 38. Ra5 Kd6 39. Rh5 Ke6 40.
Rxh7 Rb1 41. Rh8 a5 42. Ra8 Ra1 43. Ra6+ Ke7 44. Kf5 Ra2 45. f3 Ra3 46. Kf4 a4
47. h5 Ra1 48. g4 a3 49. e4 a2 50. Kf5 Rf1 51. Ra7+ Kf8 52. Ra8+ Ke7 53. Ra7+
Kf8 54. Ra8+ Ke7 1/2-1/2